HUMAN ANATOMY V-3 (Record no. 4828)
[ view plain ]
| 000 -LEADER | |
|---|---|
| fixed length control field | 00304nam a2200133Ia 4500 |
| 008 - FIXED-LENGTH DATA ELEMENTS--GENERAL INFORMATION | |
| fixed length control field | 150201s2014 xx 000 0 und d |
| 082 ## - DEWEY DECIMAL CLASSIFICATION NUMBER | |
| Classification number | 611 |
| Item number | H2012C |
| 100 ## - MAIN ENTRY--PERSONAL NAME | |
| Personal name | CHAURASIA ,B.D |
| 245 ## - TITLE STATEMENT | |
| Title | HUMAN ANATOMY V-3 |
| 250 ## - EDITION STATEMENT | |
| Edition statement | 6TH |
| 260 ## - PUBLICATION, DISTRIBUTION, ETC. (IMPRINT) | |
| Name of publisher, distributor, etc. | C.B.S.PUBLISHERS |
| 650 ## - SUBJECT ADDED ENTRY--TOPICAL TERM | |
| Topical term or geographic name as entry element | ANATOMY |
| 942 ## - ADDED ENTRY ELEMENTS (KOHA) | |
| Source of classification or shelving scheme | Dewey Decimal Classification |
| Koha item type | Books |
| Koha issues (borrowed), all copies | 55 |
| Withdrawn status | Lost status | Source of classification or shelving scheme | Damaged status | Not for loan | Home library | Current library | Date acquired | Serial Enumeration / chronology | SGTU | Total Checkouts | Full call number | Barcode | Date last seen | Date last checked out | Bill Date | Koha item type |
|---|---|---|---|---|---|---|---|---|---|---|---|---|---|---|---|---|
| Dewey Decimal Classification | SGT Dental Library | SGT Dental Library | 06/05/2014 | V-3 | SGTU | 35 | 611 H2012C | FD6928 | 22/04/2026 | 22/04/2026 | 09/02/2015 | Books | ||||
| Dewey Decimal Classification | SGT Dental Library | SGT Dental Library | 06/05/2014 | V-3 | SGTU | 50 | 611 H2012C | FD6929 | 11/06/2025 | 11/06/2025 | 09/02/2015 | Books | ||||
| Dewey Decimal Classification | SGT Dental Library | SGT Dental Library | 06/05/2014 | V-3 | SGTU | 52 | 611 H2012C | FD6930 | 21/05/2025 | 21/05/2025 | 09/02/2015 | Books | ||||
| Dewey Decimal Classification | SGT Dental Library | SGT Dental Library | 06/05/2014 | V-3 | SGTU | 55 | 611 H2012C | FD6931 | 15/07/2024 | 05/07/2024 | 09/02/2015 | Books | ||||
| Dewey Decimal Classification | SGT Dental Library | SGT Dental Library | 06/05/2014 | V-3 | SGTU | 36 | 611 H2012C | FD6932 | 22/11/2023 | 22/11/2023 | 09/02/2015 | Books |